| 000 | 01426cam a22003974a 4500 | ||
|---|---|---|---|
| 999 |
_c28214 _d28185 |
||
| 001 | 13592926 | ||
| 003 | EG-ScBUE | ||
| 005 | 20200304101755.0 | ||
| 008 | 040514s2005 enka f bd 001 0 eng d | ||
| 020 | _a0321204662 (case : alk. paper) | ||
| 020 | _a9780321204660 | ||
| 040 |
_aDLC _beng _erda _cDLC _dDLC _dEG-ScBUE |
||
| 041 | 0 |
_aeng _beng |
|
| 082 | 0 | 4 |
_a006.3 _bNEG _222 |
| 100 | 1 |
_aNegnevitsky, Michael, _eauthor. |
|
| 245 | 1 | 0 |
_aArtificial intelligence : _ba guide to intelligent systems / _cMichael Negnevitsky. |
| 250 | _aSecond edition. | ||
| 264 | 1 |
_aHarlow, England : _bAddison-Wesley, _c2005. |
|
| 300 |
_axiv, 415 pages : _billustrations ; _c24 cm |
||
| 336 |
_2rdacontent _atext _btxt |
||
| 337 |
_2rdamedia _aunmediated _bn |
||
| 338 |
_2rdacarrier _avolume _bnc |
||
| 500 | _aIncludes glossary. | ||
| 500 | _aIncludes appendix. | ||
| 504 | _aIncludes bibliographical references and index. | ||
| 546 | _aIn English; summary in English. | ||
| 650 | 0 | _aExpert systems (Computer science) | |
| 650 | 7 |
_aArtificial intelligence. _2BUEsh |
|
| 650 | 7 |
_aExpert systems (Computer science) _2BUEsh |
|
| 653 |
_bCOMSCI _cMarch2020 |
||
| 655 |
_vReading book _934232 |
||
| 906 |
_a7 _bcbc _corignew _d1 _eocip _f20 _gy-gencatlg |
||
| 942 |
_2ddc _cBB |
||